| 000 | 00680nam a2200241Ia 4500 | ||
|---|---|---|---|
| 003 | OSt | ||
| 005 | 20240108163931.0 | ||
| 008 | 210210b2005 xxu||||| |||| 00| 0 eng d | ||
| 040 | _cAL | ||
| 041 | _aeng | ||
| 082 |
_a310/142 _bPAIP |
||
| 100 |
_aRichard Pais Ed _985545 |
||
| 245 | _aPrinciples of sociology and social institutions | ||
| 260 |
_aMangalore _bMangala publications _c2005 |
||
| 300 |
_avi,233p. _bPB _c21x14cm. |
||
| 650 |
_aCulture and Socialization _985546 |
||
| 650 |
_aFamilty and Kinship _985547 |
||
| 650 |
_aEducation _985548 |
||
| 650 |
_aSocial Change _985549 |
||
| 690 |
_aSociology _985550 |
||
| 700 |
_aPAIS (Richard) Ed _985551 |
||
| 942 |
_2ddc _cSG |
||
| 999 |
_c115216 _d115216 |
||